Mechatronics (Record no. 82850)

MARC details
000 -LEADER
fixed length control field 00796nam a2200205 a 4500
008 - FIXED-LENGTH DATA ELEMENTS--GENERAL INFORMATION
fixed length control field 120416s2002 ||||||||||||||||| || u
020 ## - INTERNATIONAL STANDARD BOOK NUMBER
International Standard Book Number 0748757422
050 ## - LIBRARY OF CONGRESS CALL NUMBER
Classification number TK 153 Mac
100 ## - MAIN ENTRY--PERSONAL NAME
Personal name Bradley, D. A [and others]
245 10 - TITLE STATEMENT
Title Mechatronics
246 ## -
-- electronics in products and processes
260 ## - PUBLICATION, DISTRIBUTION, ETC.
Place of publication, distribution, etc. Cheltenham
Name of publisher, distributor, etc. Nelson Thornes
Date of publication, distribution, etc. 2002
300 ## - PHYSICAL DESCRIPTION
Extent xv, 510p. : ill.
350 ## -
-- 0.00
650 #0 - SUBJECT ADDED ENTRY--TOPICAL TERM
Topical term or geographic name entry element ELECTRONICS
650 ## - SUBJECT ADDED ENTRY--TOPICAL TERM
Topical term or geographic name entry element MECHANICS
650 ## - SUBJECT ADDED ENTRY--TOPICAL TERM
Topical term or geographic name entry element MECHATRONICS
995 ## -
-- MAIN LIBRARY OPEN ACCESS
-- 0.00
-- 735672
-- CBU-MAIN LIBRARY (Kitwe)
-- 1
-- 27.95
-- TK 153 Mac
-- 1
-- AVAILABLE
-- 48581
-- Main Library Open Access Collection
995 ## -
-- MAIN LIBRARY OPEN ACCESS
-- 0.00
-- 735671
-- CBU-MAIN LIBRARY (Kitwe)
-- 2
-- 27.95
-- TK 153 Mac
-- 2
-- AVAILABLE
-- 48652
-- Main Library Open Access Collection
999 ## -
-- 82850
-- 82850
Holdings
Withdrawn status Lost status Source of classification or shelving scheme Damaged status Not for loan Permanent Location Current Location Shelving location Date acquired Total Checkouts Full call number Barcode Date last seen Copy number Price effective from Koha item type
          CBU-MAIN LIBRARY, KITWE. CBU-MAIN LIBRARY, KITWE.   09/29/2023   TK 153 Mac 48581 09/29/2023 1 09/29/2023 MONOGRAPH
          CBU-MAIN LIBRARY, KITWE. CBU-MAIN LIBRARY, KITWE.   09/29/2023   TK 153 Mac 48652 09/29/2023 2 09/29/2023 MONOGRAPH